[Event "4. Continental de Ajedrez de Cali"]
[Site "Santiago de Cali COL"]
[Date "2007.07.18"]
[Round "9.15"]
[White "Lafuente, Pablo"]
[Black "Beltran, Carlos"]
[Result "1-0"]
[WhiteElo "2454"]
[BlackElo "2272"]
[PlyCount "77"]
[EventDate "2007.07.11"]
[EventType "swiss"]
[EventRounds "1"]
[EventCountry "COL"]
[Source "lmi"]
[SourceDate "2007.07.11"]

1. d4 Nf6 2. c4 e6 3. g3 c5 4. d5 d6 5. Nc3 Be7 6. Bg2 O-O 7. Nf3 exd5 8. cxd5
a6 9. a4 b6 10. O-O Ra7 11. Qc2 Bg4 12. Nd2 Qc8 13. Nc4 Rb7 14. Bf4 Rd8 15. e4
Bh3 16. Bxd6 Bxg2 17. Kxg2 Bxd6 18. Nxd6 Rxd6 19. e5 Rd8 20. exf6 Nd7 21. fxg7
Nf6 22. Rad1 b5 23. axb5 axb5 24. Rfe1 b4 25. Ne4 Nxe4 26. Rxe4 Rbd7 27. Rh4 f5
28. Qxf5 Rxg7 29. Qc2 Rc7 30. Qc4 Rd6 31. Re1 Rf7 32. Rg4+ Kf8 33. Rf4 Rdf6 34.
Rxf6 Rxf6 35. Rc1 Qf5 36. Qxc5+ Kg7 37. Qd4 Qf3+ 38. Kg1 Kg6 39. d6 1-0

[Event "4. Continental de Ajedrez de Cali"]
[Site "Santiago de Cali COL"]
[Date "2007.07.18"]
[Round "9.17"]
[White "Cabrera Huaman, Andres"]
[Black "Hungaski, Robert Andrew"]
[Result "1/2-1/2"]
[WhiteElo "2268"]
[BlackElo "2399"]
[PlyCount "53"]
[EventDate "2007.07.11"]
[EventType "swiss"]
[EventRounds "1"]
[EventCountry "COL"]
[Source "lmi"]
[SourceDate "2007.07.11"]

1. d4 d5 2. Nf3 Nf6 3. c4 e6 4. g3 dxc4 5. Qa4+ c6 6. Qxc4 b5 7. Qc2 Bb7 8. Bg2
Nbd7 9. O-O c5 10. Nc3 a6 11. Be3 c4 12. a3 Bd6 13. Bf4 Bxf4 14. gxf4 Qc7 15.
e3 h6 16. Rfe1 Nb6 17. Ne5 Bxg2 18. Kxg2 Qb7+ 19. f3 Rc8 20. Kh1 Kf8 21. e4
Nbd7 22. Rad1 Rd8 23. Ne2 g6 24. Qc3 Kg7 25. d5 Nxe5 26. fxe5 Nh5 27. dxe6
1/2-1/2

[Event "4. Continental de Ajedrez de Cali"]
[Site "Santiago de Cali COL"]
[Date "2007.07.18"]
[Round "9.18"]
[White "Gulko, Boris"]
[Black "Peña, Alfredo"]
[Result "1-0"]
[WhiteElo "2576"]
[BlackElo "2248"]
[PlyCount "87"]
[EventDate "2007.07.11"]
[EventType "swiss"]
[EventRounds "1"]
[EventCountry "COL"]
[Source "lmi"]
[SourceDate "2007.07.11"]

1. d4 Nf6 2. c4 g6 3. Nc3 Bg7 4. Bg5 h6 5. Bh4 O-O 6. e3 d6 7. Be2 Nbd7 8. Nf3
e5 9. O-O g5 10. dxe5 dxe5 11. Bg3 Qe7 12. Qc2 c6 13. Rfd1 Nh5 14. Bd3 Nb6 15.
Qe2 Nxg3 16. hxg3 f5 17. Nd2 Be6 18. Rac1 a5 19. a3 a4 20. g4 e4 21. Bb1 fxg4
22. Bxe4 g3 23. fxg3 Be5 24. g4 Bc7 25. Bb1 h5 26. Qd3 Bxg4 27. Rf1 Nd7 28.
Qg6+ Qg7 29. Rxf8+ Nxf8 30. Qxg7+ Kxg7 31. Nde4 Ra5 32. Rf1 Nd7 33. Bc2 Bf5 34.
Nxg5 Bxc2 35. Ne6+ Kg6 36. Nxc7 Ne5 37. Rf4 Rc5 38. Ne4 Rxc4 39. Rf6+ Kg7 40.
Ne6+ Kh8 41. N4g5 Bh7 42. Kf1 Ng4 43. Nf7+ Kg8 44. Nh6+ 1-0

[Event "4. Continental de Ajedrez de Cali"]
[Site "Santiago de Cali COL"]
[Date "2007.07.18"]
[Round "9.19"]
[White "Ramirez, Carlos"]
[Black "Fier, Alexander"]
[Result "0-1"]
[WhiteElo "2241"]
[BlackElo "2527"]
[PlyCount "123"]
[EventDate "2007.07.11"]
[EventType "swiss"]
[EventRounds "1"]
[EventCountry "COL"]
[Source "lmi"]
[SourceDate "2007.07.11"]

1. Nf3 Nf6 2. d4 g6 3. c4 Bg7 4. Nc3 d5 5. Qb3 dxc4 6. Qxc4 O-O 7. e4 Na6 8.
Be2 c5 9. d5 e6 10. O-O exd5 11. exd5 Bf5 12. Be3 Re8 13. Rfd1 Rc8 14. Rac1 Ng4
15. Bg5 Qd7 16. Bf1 Nf6 17. Qh4 Qd6 18. Nd2 Ng4 19. Nc4 Qd7 20. h3 h6 21. Bd2
g5 22. Qg3 Nf6 23. Ne3 Ne4 24. Qf3 Nd6 25. Bb5 Nxb5 26. Qxf5 Qxf5 27. Nxf5 Nxc3
28. Bxc3 Bxc3 29. bxc3 Rcd8 30. Nxh6+ Kg7 31. Nf5+ Kf6 32. Ne3 Re4 33. c4 Nc7
34. Rb1 b6 35. a4 Na6 36. a5 Nb4 37. axb6 axb6 38. Ra1 Re7 39. Rd2 Rb7 40. g4
b5 41. cxb5 Rxb5 42. d6 Rb6 43. Nc4 Ra6 44. Re1 Nc6 45. Rd5 Nd4 46. Kg2 Ne6 47.
Rf5+ Kg7 48. Rxe6 fxe6 49. Rxg5+ Kf6 50. Rxc5 Ra4 51. Kg3 e5 52. Nxe5 Rxd6 53.
g5+ Ke6 54. f4 Rd1 55. Rc6+ Kf5 56. Rf6+ Ke4 57. Kg4 Rg1+ 58. Kh5 Ra8 59. Ng6
Ra7 60. Kh6 Kf3 61. h4 Rh1 62. h5 0-1

[Event "4. Continental de Ajedrez de Cali"]
[Site "Santiago de Cali COL"]
[Date "2007.07.18"]
[Round "9.20"]
[White "Panesso, Henry"]
[Black "Zapata, Alonso"]
[Result "1-0"]
[WhiteElo "2143"]
[BlackElo "2504"]
[PlyCount "131"]
[EventDate "2007.07.11"]
[EventType "swiss"]
[EventRounds "1"]
[EventCountry "COL"]
[Source "lmi"]
[SourceDate "2007.07.11"]

1. d4 Nf6 2. Nf3 e6 3. e3 b6 4. Bd3 Bb7 5. Nbd2 c5 6. b3 Be7 7. Bb2 O-O 8. O-O
Nc6 9. c4 d6 10. Rc1 a6 11. a3 Ra7 12. Bb1 Ba8 13. Qc2 g6 14. Rfd1 Rd7 15. Qc3
d5 16. dxc5 bxc5 17. cxd5 exd5 18. Qc2 Qb8 19. Qd3 Qb6 20. Ne5 Nxe5 21. Bxe5
Rfd8 22. Qe2 Qe6 23. Nf3 d4 24. Bxf6 Bxf6 25. e4 Qxb3 26. Qxa6 Rd6 27. Qd3 Qxd3
28. Bxd3 Rc8 29. Nd2 Rb6 30. Rc2 Be7 31. a4 Rb4 32. Ra1 Rcb8 33. Kf1 Bc6 34. a5
Ra8 35. Rca2 Ra7 36. Ke2 Bd7 37. g3 Kg7 38. Bc4 f5 39. Kd3 Bc6 40. f3 Bg5 41.
Nb3 fxe4+ 42. fxe4 Bb5 43. Bxb5 Rxb5 44. Ra3 Rab7 45. Nc1 Rb4 46. a6 Ra7 47.
Ne2 Be3 48. e5 Kf7 49. Ke4 Ke6 50. Ra5 Rb2 51. R1a2 Rxa2 52. Rxa2 Kd7 53. Kd5
d3 54. Nc3 d2 55. g4 Bd4 56. Nd1 Ke7 57. e6 g5 58. Ra3 h6 59. h3 Bg1 60. Ra2
Ra8 61. Kc6 c4 62. Kd5 c3 63. Nxc3 Rd8+ 64. Ke4 Ba7 65. Rb2 Kxe6 66. Rb7 1-0

[Event "4. Continental de Ajedrez de Cali"]
[Site "Santiago de Cali COL"]
[Date "2007.07.18"]
[Round "9.21"]
[White "Garcia, Gildardo"]
[Black "Vittorino, Carlo"]
[Result "1-0"]
[WhiteElo "2435"]
[BlackElo "2228"]
[PlyCount "57"]
[EventDate "2007.07.11"]
[EventType "swiss"]
[EventRounds "1"]
[EventCountry "COL"]
[Source "lmi"]
[SourceDate "2007.07.11"]

1. e4 e5 2. Nf3 Nc6 3. Bb5 Nf6 4. d3 Bc5 5. c3 d6 6. d4 exd4 7. cxd4 Bb4+ 8.
Bd2 Bxd2+ 9. Nbxd2 O-O 10. O-O Ne7 11. Re1 c6 12. Bf1 d5 13. e5 Ne8 14. Qc2 Bf5
15. Bd3 Bxd3 16. Qxd3 Nc7 17. Ng5 Ng6 18. h4 Ne6 19. Ndf3 Qe7 20. g3 h6 21. Nh3
f5 22. exf6 Qxf6 23. Re3 c5 24. Rae1 c4 25. Qc3 Rae8 26. h5 Qf5 27. Kg2 Nh8 28.
Re5 Qg4 29. Nh2 1-0

[Event "4. Continental de Ajedrez de Cali"]
[Site "Santiago de Cali COL"]
[Date "2007.07.18"]
[Round "9.22"]
[White "Naranjo, Sebastian"]
[Black "Capo Vidal, Uriel"]
[Result "1/2-1/2"]
[WhiteElo "2035"]
[BlackElo "2370"]
[PlyCount "44"]
[EventDate "2007.07.11"]
[EventType "swiss"]
[EventRounds "1"]
[EventCountry "COL"]
[Source "lmi"]
[SourceDate "2007.07.11"]

1. e4 c5 2. Nf3 Nc6 3. d4 cxd4 4. Nxd4 Qb6 5. Nb3 Nf6 6. Nc3 e6 7. Be3 Qc7 8.
a3 a6 9. Be2 Be7 10. O-O O-O 11. f4 d5 12. e5 Ne8 13. Bd3 g6 14. Na4 b5 15. Nb6
Rb8 16. Nxc8 Rxc8 17. a4 Nb4 18. axb5 axb5 19. Ra7 Qd8 20. Bxb5 Rxc2 21. Rd7
Qb8 22. Rxe7 Qxb5 1/2-1/2

[Event "4. Continental de Ajedrez de Cali"]
[Site "Santiago de Cali COL"]
[Date "2007.07.18"]
[Round "9.23"]
[White "Zuluaga, Cesar"]
[Black "Bibiloni, Jorge"]
[Result "1-0"]
[WhiteElo "2339"]
[BlackElo "2145"]
[PlyCount "73"]
[EventDate "2007.07.11"]
[EventType "swiss"]
[EventRounds "1"]
[EventCountry "COL"]
[Source "lmi"]
[SourceDate "2007.07.11"]

1. d4 Nf6 2. Nf3 b5 3. Bg5 Bb7 4. Nbd2 g6 5. c3 Bg7 6. Qb3 a6 7. a4 c6 8. e4 d5
9. Bxf6 exf6 10. exd5 O-O 11. dxc6 Re8+ 12. Kd1 Nxc6 13. axb5 axb5 14. Rxa8
Qxa8 15. Qa3 b4 16. Qxa8 Rxa8 17. Kc2 Ra1 18. Nb3 Ra8 19. c4 f5 20. Bd3 Kf8 21.
Re1 Na5 22. Ne5 Nxb3 23. Kxb3 Rd8 24. d5 Bxd5 25. cxd5 Rxd5 26. f4 Bxe5 27. Bc4
Rd2 28. fxe5 Rxg2 29. Ra1 Rxh2 30. Ra7 Rh4 31. Rxf7+ Ke8 32. e6 Re4 33. Bb5+
Kd8 34. Rd7+ Kc8 35. Rxh7 Kd8 36. Rd7+ Kc8 37. e7 1-0

[Event "4. Continental de Ajedrez de Cali"]
[Site "Santiago de Cali COL"]
[Date "2007.07.18"]
[Round "9.24"]
[White "Moreno, William"]
[Black "Sequera, Jose"]
[Result "0-1"]
[WhiteElo "2194"]
[BlackElo "2432"]
[PlyCount "82"]
[EventDate "2007.07.11"]
[EventType "swiss"]
[EventRounds "1"]
[EventCountry "COL"]
[Source "lmi"]
[SourceDate "2007.07.11"]

1. d4 f5 2. g3 Nf6 3. Bg2 g6 4. Nf3 Bg7 5. O-O O-O 6. b3 d6 7. Bb2 a5 8. c4 Qe8
9. Nbd2 h6 10. Re1 g5 11. e4 fxe4 12. Nxe4 Bg4 13. Nxf6+ Bxf6 14. h3 Bh5 15. g4
Bg6 16. Qd2 Nd7 17. h4 gxh4 18. Qxh6 c6 19. Nxh4 Bh7 20. g5 Bg7 21. Qe6+ Kh8
22. g6 Bf6 23. gxh7 Bxh4 24. d5+ Ne5 25. Rxe5 dxe5 26. Bxe5+ Bf6 27. d6 Qh5 28.
Bxf6+ exf6 29. d7 Qf7 30. Qd6 Rad8 31. Rd1 f5 32. Qc7 f4 33. Bf3 Kxh7 34. Be4+
Kh8 35. Rd3 Qe7 36. Bf3 Qe1+ 37. Kh2 Kg7 38. Bg2 Rh8+ 39. Rh3 Rxh3+ 40. Bxh3
Qxf2+ 41. Kh1 Qe1+ 0-1

[Event "4. Continental de Ajedrez de Cali"]
[Site "Santiago de Cali COL"]
[Date "2007.07.18"]
[Round "9.26"]
[White "Castro, Oscar H"]
[Black "Guerrero, Juan Carlos"]
[Result "1-0"]
[WhiteElo "2390"]
[BlackElo "2144"]
[PlyCount "137"]
[EventDate "2007.07.11"]
[EventType "swiss"]
[EventRounds "1"]
[EventCountry "COL"]
[Source "lmi"]
[SourceDate "2007.07.11"]

1. e4 c5 2. Nc3 Nc6 3. g3 g6 4. Bg2 Bg7 5. d3 d6 6. f4 e6 7. Nf3 Nge7 8. O-O
O-O 9. Be3 Rb8 10. Qd2 b5 11. d4 b4 12. Ne2 Ba6 13. Rfe1 d5 14. e5 Bxe2 15.
Rxe2 cxd4 16. Nxd4 Na5 17. b3 Qc7 18. a3 bxa3 19. Rxa3 Nac6 20. Nf3 Rfc8 21. h4
Nf5 22. Bf2 Bf8 23. Ra4 Nb4 24. Rxa7 Qxc2 25. Ng5 Qb1+ 26. Re1 Qd3 27. Rd1 Qxb3
28. Rc1 Nd3 29. Rxc8 Rxc8 30. Rxf7 Bb4 31. Rb7 Rc2 32. Rb8+ Kg7 33. Nxe6+ Kf7
34. Ng5+ Kg7 35. Rb7+ Ne7 36. Ne6+ Kf7 37. Ng5+ Ke8 38. Rb8+ Kd7 39. Qe3 Qb1+
40. Bf1 Nc5 41. Kg2 Kc7 42. Rb5 Nf5 43. Ne6+ Kc8 44. Qxc5+ Rxc5 45. Nxc5 Qc2
46. Kg1 Nxg3 47. Bh3+ Kd8 48. Rxb4 Ne2+ 49. Kf1 d4 50. Ne6+ Ke7 51. Rxd4 Nxd4
52. Nxd4 Qc1+ 53. Kg2 Qxf4 54. Nf3 h6 55. Bc5+ Ke8 56. Kf2 Qe4 57. Be3 h5 58.
Be6 Ke7 59. Bb3 Ke8 60. Ke2 Ke7 61. Kf2 Ke8 62. Bc5 Qf4 63. Bc2 Kf7 64. Be3 Qc4
65. e6+ Ke7 66. Nd4 Qa2 67. Kf3 Qa8+ 68. Be4 Qf8+ 69. Kg2 1-0

[Event "4. Continental de Ajedrez de Cali"]
[Site "Santiago de Cali COL"]
[Date "2007.07.18"]
[Round "9.27"]
[White "Garcia, Alvaro"]
[Black "Ostos, Julio"]
[Result "1/2-1/2"]
[WhiteElo "2156"]
[BlackElo "2306"]
[PlyCount "64"]
[EventDate "2007.07.11"]
[EventType "swiss"]
[EventRounds "1"]
[EventCountry "COL"]
[Source "lmi"]
[SourceDate "2007.07.11"]

1. d4 Nf6 2. c4 c5 3. d5 g6 4. Nc3 Bg7 5. e4 O-O 6. Bd3 e6 7. Nge2 exd5 8. exd5
Ng4 9. h3 Ne5 10. O-O d6 11. b3 b5 12. cxb5 Nxd3 13. Qxd3 a6 14. b6 a5 15. Bb2
Ba6 16. Qd2 Re8 17. Rfe1 Nd7 18. Na4 Bxb2 19. Qxb2 Nxb6 20. Nxb6 Qxb6 21. Ng3
Qb4 22. Rxe8+ Rxe8 23. Qf6 c4 24. bxc4 Bxc4 25. Qd4 Re1+ 26. Rxe1 Qxe1+ 27. Kh2
Bxa2 28. Ne4 Qb4 29. Nf6+ Kh8 30. Qa1 Qb1 31. Qc3 Qb4 32. Qa1 Qb1 1/2-1/2

[Event "4. Continental de Ajedrez de Cali"]
[Site "Santiago de Cali COL"]
[Date "2007.07.18"]
[Round "9.28"]
[White "Palao, Maricela"]
[Black "Ortiz, Nadya Karolina"]
[Result "0-1"]
[WhiteElo "2139"]
[BlackElo "2281"]
[PlyCount "48"]
[EventDate "2007.07.11"]
[EventType "swiss"]
[EventRounds "1"]
[EventCountry "COL"]
[Source "lmi"]
[SourceDate "2007.07.11"]

1. d4 Nf6 2. c4 g6 3. Nf3 Bg7 4. Nc3 d6 5. Bf4 O-O 6. h3 Nfd7 7. e3 e5 8. Bh2
Nc6 9. Be2 f5 10. O-O Kh8 11. Rb1 h6 12. b4 g5 13. c5 f4 14. cxd6 cxd6 15. Qb3
exd4 16. Nb5 dxe3 17. fxe3 Nde5 18. exf4 Nxf3+ 19. Qxf3 a6 20. Nc3 Nd4 21. Qh5
Bf5 22. Rbc1 Rc8 23. Nd5 Rxc1 24. Rxc1 Bg6 0-1

[Event "4. Continental de Ajedrez de Cali"]
[Site "Santiago de Cali COL"]
[Date "2007.07.18"]
[Round "9.30"]
[White "Alvarez, Javier"]
[Black "Minaya, Juan"]
[Result "1/2-1/2"]
[WhiteElo "2100"]
[BlackElo "2254"]
[PlyCount "57"]
[EventDate "2007.07.11"]
[EventType "swiss"]
[EventRounds "1"]
[EventCountry "COL"]
[Source "lmi"]
[SourceDate "2007.07.11"]

1. e4 e6 2. d4 c5 3. Nf3 cxd4 4. Nxd4 Nf6 5. Nc3 d6 6. Bg5 a6 7. f4 h6 8. Bxf6
Qxf6 9. Qd2 g5 10. Bc4 Qxf4 11. Qxf4 gxf4 12. O-O Bg7 13. Rad1 Be5 14. Nde2 b5
15. Bb3 Bb7 16. Nxf4 Nd7 17. a3 Rg8 18. g3 Ke7 19. Nd3 Bxc3 20. bxc3 Rac8 21.
Rf4 Rxc3 22. Rdf1 Rg7 23. a4 h5 24. axb5 axb5 25. Rh4 Rg4 26. Rxh5 Rxe4 27. Rh7
Nf6 28. Rh6 Ng4 29. Rh7 1/2-1/2

[Event "4. Continental de Ajedrez de Cali"]
[Site "Santiago de Cali COL"]
[Date "2007.07.18"]
[Round "9.31"]
[White "Renteria, Jorge"]
[Black "Arenas, David"]
[Result "0-1"]
[WhiteElo "2252"]
[BlackElo "2081"]
[PlyCount "80"]
[EventDate "2007.07.11"]
[EventType "swiss"]
[EventRounds "1"]
[EventCountry "COL"]
[Source "lmi"]
[SourceDate "2007.07.11"]

1. d4 Nf6 2. Nf3 g6 3. Nc3 Bg7 4. e4 d6 5. h3 c6 6. a4 Nbd7 7. e5 Ng8 8. exd6
exd6 9. Bg5 Ndf6 10. Qd2 h6 11. Bh4 Ne7 12. Bd3 Bf5 13. O-O Bxd3 14. Qxd3 O-O
15. Ne4 Nf5 16. Nxf6+ Bxf6 17. Bxf6 Qxf6 18. Rfe1 Rfe8 19. a5 Ng7 20. Qb3 Rxe1+
21. Rxe1 Rb8 22. d5 c5 23. Qb5 Qd8 24. b3 a6 25. Qa4 Nh5 26. b4 b5 27. axb6
Qxb6 28. bxc5 Qxc5 29. Qd4 Qxc2 30. Nh2 Rb1 31. Rxb1 Qxb1+ 32. Nf1 a5 33. g4
Ng7 34. Qf4 Qb4 35. Qxh6 a4 36. Qg5 a3 37. Qd8+ Kh7 38. Qh4+ Nh5 39. Qe7 a2 40.
gxh5 a1=Q 0-1

[Event "4. Continental de Ajedrez de Cali"]
[Site "Santiago de Cali COL"]
[Date "2007.07.18"]
[Round "9.33"]
[White "Condori, Edwin"]
[Black "Perez, Olarte Cesar Camilo"]
[Result "1-0"]
[WhiteElo "2207"]
[BlackElo "2056"]
[PlyCount "79"]
[EventDate "2007.07.11"]
[EventType "swiss"]
[EventRounds "1"]
[EventCountry "COL"]
[Source "lmi"]
[SourceDate "2007.07.11"]

1. d4 Nf6 2. c4 e6 3. g3 c5 4. d5 b5 5. Bg2 Bb7 6. e4 bxc4 7. Ne2 exd5 8. exd5
d6 9. O-O Be7 10. Na3 Ba6 11. Nxc4 O-O 12. Ne3 Re8 13. Re1 Nbd7 14. Nf4 Bf8 15.
b3 Ne5 16. Bb2 g6 17. Qc2 Bh6 18. Rad1 Rb8 19. Ba1 Bg7 20. Ne2 Qb6 21. Nc3 Nfg4
22. Nxg4 Nxg4 23. Ne4 Ne5 24. Kh1 Qc7 25. f4 Nd7 26. Bxg7 Kxg7 27. Qc3+ Kg8 28.
Bh3 f5 29. Ng5 Nf6 30. Qxf6 Bb7 31. Bg2 h6 32. Nf3 Rbd8 33. Nd2 Qf7 34. Qxf7+
Kxf7 35. Nc4 Rxe1+ 36. Rxe1 Ba6 37. Na5 Rd7 38. Kg1 Bb5 39. a4 Ba6 40. Nc6 1-0

[Event "4. Continental de Ajedrez de Cali"]
[Site "Santiago de Cali COL"]
[Date "2007.07.18"]
[Round "9.34"]
[White "Lopez, Mario Iver"]
[Black "Cardona, Fabio"]
[Result "1/2-1/2"]
[WhiteElo "2345"]
[BlackElo "2152"]
[PlyCount "90"]
[EventDate "2007.07.11"]
[EventType "swiss"]
[EventRounds "1"]
[EventCountry "COL"]
[Source "lmi"]
[SourceDate "2007.07.11"]

1. e4 c5 2. Nf3 d6 3. d4 cxd4 4. Nxd4 Nf6 5. Nc3 a6 6. Bg5 e6 7. Qd2 Be7 8. f3
b5 9. O-O-O Bb7 10. Nb3 Nbd7 11. Bf4 e5 12. Be3 b4 13. Nd5 Nxd5 14. exd5 a5 15.
Kb1 O-O 16. Bc4 Nb6 17. Bxb6 Qxb6 18. h4 f5 19. Rde1 Rac8 20. Qd3 Qd8 21. Re2
Rf7 22. Ba6 Bxa6 23. Qxa6 Ra8 24. Qd3 Qc8 25. c4 Bf8 26. Nd2 Be7 27. g3 a4 28.
Rg2 Kh8 29. Rhg1 a3 30. b3 Qd7 31. Kc2 Rg8 32. Kd1 g5 33. hxg5 Bxg5 34. f4 e4
35. Qd4+ Bf6 36. Qb6 Rff8 37. Nf1 Rb8 38. Qe3 Qg7 39. Rh1 Bd4 40. Qd2 Bc5 41.
Rh5 Rb7 42. Rgh2 Qa1+ 43. Qc1 Qd4+ 44. Qd2 Qa1+ 45. Qc1 Qd4+ 1/2-1/2

[Event "4. Continental de Ajedrez de Cali"]
[Site "Santiago de Cali COL"]
[Date "2007.07.18"]
[Round "9.35"]
[White "Sanchez Castillo, Sarai"]
[Black "Franco, Beatriz"]
[Result "1-0"]
[WhiteElo "2340"]
[BlackElo "2130"]
[PlyCount "91"]
[EventDate "2007.07.11"]
[EventType "swiss"]
[EventRounds "1"]
[EventCountry "COL"]
[Source "lmi"]
[SourceDate "2007.07.11"]

1. e4 e5 2. d4 exd4 3. Qxd4 Nc6 4. Qe3 Nf6 5. Nc3 Bb4 6. Bd2 O-O 7. O-O-O Re8
8. Qg3 Rxe4 9. f3 Re8 10. h4 d5 11. h5 d4 12. Bh6 Bf8 13. Bxg7 Bd6 14. f4 Bxf4+
15. Qxf4 Kxg7 16. Nf3 Nd5 17. h6+ Kf8 18. Nxd5 Qxd5 19. b3 Qa5 20. Ng5 Bf5 21.
Bc4 Re7 22. b4 Qa3+ 23. Kb1 Qxb4+ 24. Bb3 Bg6 25. Nxh7+ Bxh7 26. Qf6 Re6 27.
Qh8+ Ke7 28. Qxh7 Na5 29. Qg7 Nc4 30. Qxd4 Na3+ 31. Kb2 Qxd4+ 32. Rxd4 Nb5 33.
Rg4 Rg6 34. Rxg6 fxg6 35. h7 Rh8 36. Bg8 Nd6 37. Re1+ Kf6 38. Re6+ Kf5 39. Re7
c5 40. Kb3 a6 41. a4 b6 42. Re6 c4+ 43. Kc3 Ne4+ 44. Kxc4 Nf6 45. Rxf6+ Kxf6
46. Kd5 1-0

[Event "4. Continental de Ajedrez de Cali"]
[Site "Santiago de Cali COL"]
[Date "2007.07.18"]
[Round "9.36"]
[White "Mateus, Martha"]
[Black "Gutierrez, Jose Antonio"]
[Result "0-1"]
[WhiteElo "2127"]
[BlackElo "2283"]
[PlyCount "84"]
[EventDate "2007.07.11"]
[EventType "swiss"]
[EventRounds "1"]
[EventCountry "COL"]
[Source "lmi"]
[SourceDate "2007.07.11"]

1. e4 d6 2. d4 Nf6 3. Nc3 g6 4. Bg5 Bg7 5. e5 Nfd7 6. f4 O-O 7. Nf3 f6 8. Bc4+
Kh8 9. Bh4 Nb6 10. Bb3 d5 11. O-O Nc6 12. h3 Na5 13. Qe2 c6 14. Rae1 Nbc4 15.
Bxc4 Nxc4 16. b3 Na3 17. e6 Qa5 18. Na4 b6 19. Rf2 Ba6 20. Qe3 Nb5 21. g4 Nd6
22. Nd2 Rac8 23. f5 c5 24. Bg3 cxd4 25. Qxd4 Ne4 26. Rg2 Nxg3 27. Rxg3 Rxc2 28.
Nc3 Qc5 29. Qxc5 bxc5 30. Ndb1 d4 31. Nd5 Bb7 32. Nf4 Bh6 33. Nd3 Rc8 34. Na3
Rxa2 35. Nc4 Bg5 36. h4 Bxh4 37. Rh3 Rg2+ 38. Kf1 Rxg4 39. Rh2 Bxe1 40. Kxe1
Be4 41. Nf2 Rg1+ 42. Kd2 Bxf5 0-1

[Event "4. Continental de Ajedrez de Cali"]
[Site "Santiago de Cali COL"]
[Date "2007.07.18"]
[Round "9.37"]
[White "Chaucanes, Lina Marcela"]
[Black "Quinones, Cesar"]
[Result "0-1"]
[WhiteElo "1991"]
[BlackElo "2268"]
[PlyCount "120"]
[EventDate "2007.07.11"]
[EventType "swiss"]
[EventRounds "1"]
[EventCountry "COL"]
[Source "lmi"]
[SourceDate "2007.07.11"]

1. e4 c5 2. c3 d5 3. exd5 Qxd5 4. d4 Nf6 5. Nf3 cxd4 6. cxd4 Bg4 7. Be2 e6 8.
O-O Nc6 9. Nc3 Qa5 10. h3 Bh5 11. Qb3 Qb4 12. Qxb4 Bxb4 13. Be3 O-O 14. Rfd1
Rfd8 15. g4 Bg6 16. Bg5 Be7 17. Rd2 Rac8 18. Rad1 Ne4 19. Nxe4 Bxe4 20. Bxe7
Nxe7 21. Ne5 f6 22. Bf3 Bc2 23. Rc1 Ba4 24. Rxc8 Rxc8 25. Nd3 Bc6 26. Bxc6 Rxc6
27. Nb4 Rd6 28. Kf1 Ng6 29. Nc2 Nf4 30. h4 h5 31. f3 Ra6 32. a3 Rb6 33. b4 Rc6
34. Kf2 Rc3 35. gxh5 Kh7 36. Ne3 Rxa3 37. d5 exd5 38. Nxd5 Nxd5 39. Rxd5 Ra4
40. Rb5 b6 41. Kg3 Kh6 42. f4 Ra3+ 43. Kg4 Rb3 44. Kf5 a5 45. Rxb6 Rxb4 46. Ra6
Rb5+ 47. Kg4 Rc5 48. Ra8 f5+ 49. Kf3 Rc3+ 50. Kg2 Kxh5 51. Rxa5 Kg4 52. Kf2
Kxf4 53. Ra4+ Ke5 54. Ra5+ Kf6 55. Ra6+ Kf7 56. Kg2 Re3 57. h5 Re6 58. Ra3 Rh6
59. Rh3 Kf6 60. Kf3 g6 0-1

[Event "4. Continental de Ajedrez de Cali"]
[Site "Santiago de Cali COL"]
[Date "2007.07.18"]
[Round "9.41"]
[White "Gonzalez, Juan Manuel"]
[Black "Ruiz, Pablo"]
[Result "0-1"]
[WhiteElo "2115"]
[BlackElo "2247"]
[PlyCount "77"]
[EventDate "2007.07.11"]
[EventType "swiss"]
[EventRounds "1"]
[EventCountry "COL"]
[Source "lmi"]
[SourceDate "2007.07.11"]

1. d4 d5 2. Nf3 Nf6 3. Bf4 c5 4. c3 Nc6 5. e3 Bf5 6. Be2 e6 7. O-O Be7 8. Qb3
Qc8 9. c4 dxc4 10. Qxc4 cxd4 11. Nxd4 Nxd4 12. Qxd4 O-O 13. Nc3 Rd8 14. Qa4 Rd2
15. e4 Rxb2 16. Rac1 Qf8 17. exf5 Rb4 18. Qa5 Rxf4 19. fxe6 fxe6 20. Qe5 Rh4
21. Bf3 Kh8 22. Qxe6 Re8 23. Qf5 g6 24. Qa5 Ba3 25. Rb1 Bd6 26. g3 Rb4 27. Rfe1
Rxe1+ 28. Rxe1 Rb2 29. Nd5 Rc2 30. Nxf6 Qxf6 31. Re3 Bc5 32. Re8+ Kg7 33. Qc7+
Kh6 34. Qf4+ Qxf4 35. gxf4 Rxf2 36. Rc8 Be3 37. Re8 Rxf3+ 38. Kg2 Rf2+ 39. Kg3
0-1

[Event "4. Continental de Ajedrez de Cali"]
[Site "Santiago de Cali COL"]
[Date "2007.07.18"]
[Round "9.42"]
[White "Saladen, Rafael"]
[Black "Nina, Miguel Angel"]
[Result "0-1"]
[WhiteElo "2190"]
[BlackElo "2312"]
[PlyCount "82"]
[EventDate "2007.07.11"]
[EventType "swiss"]
[EventRounds "1"]
[EventCountry "COL"]
[Source "lmi"]
[SourceDate "2007.07.11"]

1. e4 c5 2. Nf3 Nc6 3. d4 cxd4 4. Nxd4 Nf6 5. Nc3 e6 6. Ndb5 d6 7. Bf4 e5 8.
Bg5 a6 9. Na3 Be7 10. Nc4 O-O 11. Bxf6 gxf6 12. Ne3 Kh8 13. Qh5 Nd4 14. O-O-O
Be6 15. f4 Rc8 16. f5 Bd7 17. Ned5 Bc6 18. Rd3 Rg8 19. Rh3 Rg7 20. Bd3 b5 21.
Re1 b4 22. Ree3 bxc3 23. Reg3 cxb2+ 24. Kb1 Qa5 25. Qd1 Bxd5 26. exd5 Rxg3 27.
hxg3 Rg8 28. g4 Nb5 29. Bxb5 Qxb5 30. Qh1 Rg7 31. Rh6 Qd7 32. Qh3 Qe8 33. Qf3
Qb8 34. Qh3 Qb5 35. g3 Qe2 36. Kxb2 Qd2 37. a3 Bd8 38. Qh1 Qd4+ 39. c3 Qxg4 40.
Qf1 Qxg3 41. Qxa6 Qg2+ 0-1

[Event "4. Continental de Ajedrez de Cali"]
[Site "Santiago de Cali COL"]
[Date "2007.07.18"]
[Round "9.43"]
[White "Valderrama, E Gilberto"]
[Black "Molina, Rafael"]
[Result "1-0"]
[WhiteElo "2308"]
[BlackElo "2101"]
[PlyCount "81"]
[EventDate "2007.07.11"]
[EventType "swiss"]
[EventRounds "1"]
[EventCountry "COL"]
[Source "lmi"]
[SourceDate "2007.07.11"]

1. d4 Nf6 2. Nf3 d5 3. e3 g6 4. Bd3 Bg7 5. O-O O-O 6. Nbd2 Nbd7 7. c4 c6 8. b3
Re8 9. cxd5 Nxd5 10. Nc4 b5 11. Nce5 Bb7 12. Bb2 f6 13. Nxd7 Qxd7 14. Rc1 a5
15. a3 Ba6 16. Qe2 e5 17. dxe5 fxe5 18. Ng5 Nc7 19. Rfd1 Qe7 20. Ne4 Bb7 21.
Nc5 Nd5 22. Nxb7 Qxb7 23. Be4 Rad8 24. Qc2 Rd6 25. h4 Qe7 26. Qc5 Red8 27.
Bxd5+ cxd5 28. Rxd5 Bf8 29. Rxd6 Rxd6 30. Qxb5 Qd8 31. Qc4+ Kh8 32. Bxe5+ Bg7
33. Bxd6 Qxd6 34. Qc8+ Bf8 35. Qc3+ Bg7 36. Qxa5 h6 37. h5 Kh7 38. hxg6+ Kxg6
39. Qc5 Qb8 40. Qc2+ Kf6 41. Qc6+ 1-0